Biologjia 4 (Record no. 54965)
[ view plain ]
| 000 -LEADER | |
|---|---|
| fixed length control field | 00270nam a22001337a 4500 |
| 008 - FIXED-LENGTH DATA ELEMENTS--GENERAL INFORMATION | |
| fixed length control field | 200121b ||||| |||| 00| 0 eng d |
| 041 ## - LANGUAGE CODE | |
| Language code of text/sound track or separate title | eng |
| 080 ## - UNIVERSAL DECIMAL CLASSIFICATION NUMBER | |
| Universal Decimal Classification number | 573 |
| 082 ## - DEWEY DECIMAL CLASSIFICATION NUMBER | |
| Classification number | 573 |
| 100 ## - Rafti | |
| Rafti | 11 |
| 101 ## - Shkurtesa | |
| Shkurtesa | BIO |
| 245 ## - TITLE STATEMENT | |
| Title | Biologjia 4 |
| Statement of responsibility, etc | Kamberi,N |
| 942 ## - ADDED ENTRY ELEMENTS (KOHA) | |
| Source of classification or shelving scheme | |
| Item type | Books |
| Withdrawn status | Lost status | Source of classification or shelving scheme | Damaged status | Not for loan | Collection code | Permanent location | Current location | Shelving location | Date acquired | Total Checkouts | Full call number | Barcode | Date last seen | Price effective from | Koha item type |
|---|---|---|---|---|---|---|---|---|---|---|---|---|---|---|---|
| Koleksioni i përgjithshem | UBT - Lipjan | UBT - Lipjan | Koleksioni i përgjithshem | 01/21/2020 | 573 KAM | 002-5000684 | 01/21/2020 | 01/21/2020 | Books | ||||||
| Koleksioni i përgjithshem | UBT - Lipjan | UBT - Lipjan | Koleksioni i përgjithshem | 01/21/2020 | 573 KAM | 002-5000679 | 01/21/2020 | 01/21/2020 | Books | ||||||
| Koleksioni i përgjithshem | UBT - Lipjan | UBT - Lipjan | Koleksioni i përgjithshem | 01/21/2020 | 573 KAM | 002-5000674 | 01/21/2020 | 01/21/2020 | Books | ||||||
| Koleksioni i përgjithshem | UBT - Lipjan | UBT - Lipjan | Koleksioni i përgjithshem | 01/21/2020 | 573 KAM | 002-5000683 | 01/21/2020 | 01/21/2020 | Books | ||||||
| Koleksioni i përgjithshem | UBT - Lipjan | UBT - Lipjan | Koleksioni i përgjithshem | 01/21/2020 | 573 KAM | 002-5000678 | 01/21/2020 | 01/21/2020 | Books |